00245nam a2200097Ia 4500008004100000100001300041245005200054260001700106300000800123650001600131191201s2017 xx 000 0 und d aLATHI,BP 0aModern Digital and Analog Communication Systems bOxfordc2017 a964 aB.Tech(ECE)